LEADER 02421nam a2200277 4500 001 000000339640 003 CaOOAMICUS 005 20200302105529.0 008 200302s2018 it a 000 u ita r 020 $a978-88-85803-11-4 040 $aSeMil$bita 100 1 $aMarcacci, Flavia.$0(OLS)http://semarc/name/111063 245 10$aCieli in contraddizione : $bGiovanni Battista Riccioli e il terzo sistema del mondo /$cFlavia Marcacci. 264 1$aPerugia :$bAguaplano,$c2018. 300 $a257 p. :$bill. ;$c24 cm 500 $aIn testa al front.: Accademia nazionale di scienze, lettere e arti, Modena 520 2 $aNell'età moderna Giovanni Battista Riccioli (1598-1671) ha fatto parlare spesso di sé. Lo menzionano Hevelius e Huygens, è nota la sua collaborazione con Francesco Maria Grimaldi, è fitta la sua corrispondenza con Rocca, Kircher e Cassini. Eppure, nel corso del XIX e del XX secolo, assistiamo all'oblio di Riccioli: a dispetto delle discussioni sui concetti di progresso e di metodo scientifico, di theory-ladenness e di conoscenza tacita, la filosofia e la storia della scienza, nel moltiplicarsi delle questioni epistemologiche e nella ricognizione di innumerevoli case studies, hanno perso le tracce di questo astronomo. 520 0 $aRiccioli corregge Kepler, è polemico con Copernico, critico di Tolomeo, convinto sostenitore dell'importanza dei dati empirici e delle prove fisiche. È teologo di vaglia, talora in contrasto con la sua Istituzione, fautore dell'universo finito e della necessità di una causa prima. Questo libro restituisce alla storia della scienza un pensatore dimenticato. E ci consegna un passepartout per indagare l'altra Rivoluzione scientifica: quella degli scienziati perplessi, poco amati e competenti, armati di argomenti calzanti e meritevoli di nuova considerazione. 600 14$aRiccioli, Giovanni Battista <1598-1671>.$0(OLS)http://semarc/subject/49062 830 0$aCollana di studi ;$v46.$0(OLS)http://semarc/title/428486 850 $aSeMil 852 $aSeMil$W1$xVenegono$y1$m3X IV 168$j221214$B232814$CSeMilBibl$Z2$F232814 $81 996 $6020$a978-88-85803-11-4$9(OLS)http://semarc/number/290049 996 $6245$aCieli in contraddizione : $bGiovanni Battista Riccioli e il terzo sistema del mondo$9(OLS)http://semarc/title/428487 996 $6264$aPerugia :$bAguaplano$9(OLS)http://semarc/publisher/58876 LEADER 01377nam a2200193 i 4500 001 000000220871 003 CaOOAMICUS 005 20130606000000.0 008 130606s1761 xx u000 u fre u 013 $a199768 026 $anses i-de o-un DRDE (3) 1761 (R) 040 $aSeMil$bita 245 10$aContenant La suite de l'esprit des loix, le Livre 31. faisant le dernier livre. La défense de l'Esprit des loix. Le remerciment sincere à un homme charitable. Lysimaque. La table générale des matieres des quatre volumes de l'Esprit de loix. 300 $a[4], IV, 392 p. 500 $aSegn. : pigreco2 *2 A-Q12 R4. 773 0 $aMontesquieu, Charles de Secondat $tL'esprit des loix, par mr. de Montesquieu ... Tome 1. [-4.].$bNouvelle edition, revue, corrigée & considérablement augmentée par l'auteur. Avec des remarques philosophiques & politiques d'un anonyme, ...$dA Amsterdam, et se debite à Lausanne : Chez François Grasset, 1761.$gTome4$w()5330 850 $aSeMil 852 $aSeMil$W1$xVenegono$y1$m2O I 28 FA$j171225$B171225$CSeMilBibl$Z2$F181755 $8I 996 $6245$aContenant La suite de l'esprit des loix, le Livre 31. faisant le dernier livre. La défense de l'Esprit des loix. Le remerciment sincere à un homme charitable. Lysimaque. La table générale des matieres des quatre volumes de l'Esprit de loix$9(OLS)http://semarc/title/316694